000 00517cam a2200169 4500
001 D12543
008 090401t1939 xxu||||| |||| 00| 0 eng d
035 _a(Sirsi) u4086
041 _aeng
100 _aCulpin, C.
245 _aAgricultural engineering in North America and Germany...College of Estate Management Reports of the College Travelling Scholars in Agriculture No. 6
260 _aLondon
_bCollege of Estate Management
_c1939
350 _a0
520 _aShelf 153
942 _n0
948 _c04/03/1997
999 _c85990
_d85990